000 00463nam a2200181Ia 4500
008 100917s9999 xx 000 0 und d
082 _b51553
100 _aआचार्य नयना
245 _aउधान
260 _bपरीमल प्रकाशन
_c1982
300 _a174
365 _b30
520 _aकादंबरी
630 _aउधान
650 _aकादंबरी
730 _aउधान
942 _cBOOK
999 _c656947
_d656944